000 00610nam a22001577a 4500
003 OSt
005 20151006102625.0
008 151006b xxu||||| |||| 00| 0 eng d
040 _cRUA
082 _aAVM UY 1996 B070 Or.1
100 _92124
_aUY, VANNO.
245 _aFoot and mouth disease of cattle and buffalo in kompong cham province and its economic losses, ជំមងឺអុចលកតាមគោ និងការខាតបង់សេដ្ឋកិច្ច នៅខេត្តកំពង់ចាម.
260 _apjnom phen
_bRUA
_c1996
300 _a47p.
_bill.
_c29cm.
942 _2ddc
_cAVM
999 _c1997
_d1997